00503nam a22001697a 450000500170000001000150001702000260003203500130005803700130007108200120008410000180009624500730011426000290018727000560021630000210027250000400029320130520125212.0 aENG-107011 a9789350020586c495.00 aEN-90544 bDBAD/PUB a338.954 aBhaduri, Amit10aEssays in the reconstruction of political economy /cby Amit Bhaduri aDelhibAakar Booksc2010 a28E, Pocket-IV, Mayur Vihar, Phase-1bDelhie110091 a256p. c22cm(Hb) aIncludes bibliographical references